| 000 | 00492cam a2200145 4500500 | ||
|---|---|---|---|
| 005 | 20251012010703.0 | ||
| 041 | _afre | ||
| 042 | _adc | ||
| 100 | 1 | 0 |
_aMarongiu, Jean-Baptiste _eauthor |
| 245 | 0 | 0 | _aAvital Ronell: “Je ne carbure pas au ressentiment” |
| 260 | _c2009. | ||
| 500 | _a29 | ||
| 786 | 0 | _nPhilosophie magazine | 35 | 12 | 2009-12-01 | p. 28-30 | 1951-1787 | |
| 856 | 4 | 1 | _uhttps://shs.cairn.info/magazine-philosophie-magazine-2009-12-page-28?lang=fr&redirect-ssocas=7080 |
| 999 |
_c1520189 _d1520189 |
||